000 00385nam a2200157Ia 4500
008 220803s9999 xx 000 0 und d
020 _a978-3-8365-0960-2
041 _aeng
082 _a728 CHA/FIE
100 _aCharlotte Ed.
_922070
245 _aDomus : 1985-1989
260 _aKoln
_bTaschen
_c2006
300 _a580p
650 _aHousing
_922071
700 _aFiell P Ed.
_922072
999 _c14412
_d14412